American Idol Finalists Quiz Stats

 Plays Quiz not verified by Sporcle

Challenge
Share
Tweet
Embed
Score 0/107 Timer 12:00
0 Plays Today
Season Name % Correct
Season 1Kelly Clarkson*
94.7%
Season 2Clay Aiken
90.2%
Season 2Ruben Studdard*
88.1%
Season 4Carrie Underwood*
87.8%
Season 3Fantasia*
87.3%
Season 8Adam Lambert
86.2%
Season 8Kris Allen*
85.7%
Season 4Bo Bice
85.4%
Season 5Taylor Hicks*
84.7%
Season 7David Cook*
84.1%
Season 6Jordin Sparks*
83.9%
Season 7David Archuleta
83.3%
Season 1Justin Guarini
82%
Season 5Chris Daughtry
79.1%
Season 6Blake Lewis
78.3%
Season 5Katharine McPhee
76.5%
Season 2Corey Clark
74.6%
Season 7Kristy Lee Cook
74.6%
Season 3Diana DeGarmo
73.8%
Season 8Danny Gokey
72.5%
Season 3Jennifer Hudson
71.7%
Season 3Jon Peter Lewis
70.1%
Season 8Allison Iraheta
69%
Season 2Rickey Smith
68.8%
Season 4Nikko Smith
67.7%
Season 1Tamyra Gray
67.5%
Season 5Elliott Yamin
66.9%
Season 7Brooke White
65.3%
Season 7Michael Johns
64.3%
Season 6Melinda Doolittle
63%
Season 5Kellie Pickler
62.7%
Season 7Jason Castro
61.4%
Season 1Nikki McKibbin
61.1%
Season 2Kimberley Locke
60.8%
Season 4Constantine Maroulis
60.6%
Season 6LaKisha Jones
60.6%
Season Name % Correct
Season 2Kimberly Caldwell
58.5%
Season 2Josh Gracin
58.5%
Season 7Carly Smithson
58.5%
Season 8Lil Rounds
58.5%
Season 3LaToya London
58.2%
Season 8Anoop Desai
58.2%
Season 3John Stevens
57.9%
Season 3Jasmine Trias
57.9%
Season 7Syesha Mercado
57.7%
Season 8Matt Giraud
56.6%
Season 6Sanjaya Malakar
56.1%
Season 8Megan Joy
55.8%
Season 1Ryan Starr
54.8%
Season 5Ace Young
54%
Season 2Trenyce
52.9%
Season 4Vonzell Solomon
52.6%
Season 5Bucky Covington
52.6%
Season 5Paris Bennett
52.1%
Season 1EJay Day
51.9%
Season 5Mandisa Hundley
51.9%
Season 6Chris Richardson
51.9%
Season 8Alexis Grace
51.9%
Season 5Kevin Covais
51.3%
Season 4Scott Savol
50.8%
Season 8Michael Sarver
50.5%
Season 3George Huff
50.3%
Season 1Christina Christian
50%
Season 7David Hernandez
50%
Season 1RJ Helton
49.2%
Season 2Carmen Rasmusen
48.7%
Season 3Matt Rogers
48.4%
Season 6Phil Stacey
47.9%
Season 8Jorge Nunez
47.9%
Season 8Scott MacIntyre
47.9%
Season 6Brandon Rogers
47.1%
Season 1Jim Verraros
46.8%
Season Name % Correct
Season 1AJ Gil
46.8%
Season 4Anthony Fedorov
46.6%
Season 8Jasmine Murray
46.6%
Season 3Leah LaBelle
46.3%
Season 6Chris Sligh
46.3%
Season 3Amy Adams
46%
Season 7Chikezie Eze
45.2%
Season 4Anwar Robinson
45%
Season 4Nadia Turner
44.7%
Season 2Julia DeMato
44.2%
Season 7Amanda Overmyer
44.2%
Season 6Haley Scarnato
43.7%
Season 4Mikalah Gordon
43.4%
Season 6Gina Glocksen
42.6%
Season 2Charles Grigsby
42.3%
Season 2Vanessa Olivarez
42.3%
Season 3Camile Velasco
42.3%
Season 5Lisa Tucker
42.1%
Season 5Melissa McGhee
41.5%
Season 7Ramiele Malubay
40.5%
Season 4Jessica Sierra
39.9%
Season 4Lindsey Cardinale
38.1%
Season 6Stephanie Edwards
37%
Season 9Aaron Kelly
36.2%
Season 9Crystal Bowersox
34.7%
Season 9Lee Dewyze*
34.1%
Season 9Katie Stevens
31.2%
Season 9Casey James
30.2%
Season 9Michael Lynche
29.9%
Season 9Siobhan Magnus
29.4%
Season 9Tim Urban
29.4%
Season 9Didi Benami
28%
Season 9Lacey Brown
27.5%
Season 9Paige Miles
27.5%
Season 9Andrew Garcia
27%

You're not logged in!

Compare scores with friends on all Sporcle quizzes.
OR
Log In

You Might Also Like...

Show Comments

Extras

Top Quizzes Today


Score Distribution

Your Account Isn't Verified!

In order to create a playlist on Sporcle, you need to verify the email address you used during registration. Go to your Sporcle Settings to finish the process.

Report this User

Report this user for behavior that violates our Community Guidelines.

Details: